Statistics for US presidents by home state

Click here to take the quiz!

General Stats

  • This quiz has been taken 148 times
  • The average score is 27 of 45

Answer Stats

Answer% Correct
Virginia
99%
Virginia
95%
Massachusetts
89%
Virginia
88%
Virginia
87%
Massachusetts
85%
Tennessee
77%
Illinois
76%
Arkansas
72%
California
72%
New York
72%
Massachusetts
71%
Texas
71%
New York
69%
New York
69%
Texas
68%
New York
67%
California
66%
Georgia
65%
Illinois
64%
Delaware
63%
Texas
63%
Virginia
61%
Ohio
59%
Ohio
56%
Ohio
56%
Ohio
55%
Michigan
54%
Ohio
53%
Missouri
52%
New Jersey
52%
New York
52%
Ohio
49%
Tennessee
47%
Kansas
46%
Ohio
46%
New York
44%
Tennessee
44%
New Hampshire
43%
Pennsylvania
43%
New York
42%
California
38%
Massachusetts
35%
Indiana
34%
Kentucky
28%

Score Distribution

Percentile by Number Answered

Percent of People with Each Score

Your Score History

You have not taken this quiz